000 00389nam a2200145Ia 4500
003 LK-CoDNM
008 010623t1960 xxu||||| |||| 00| 1 eng d
040 _aLK-CoDNM
_dLK-CoDNM
_eLK-CoDNM
041 _aeng
080 _a133.52
245 _aEquatorial : The Journal of the Ceylon Astronomical Association
260 _bWesly Press
_aColombo
_c1960
300 _b38p., 21 cm
942 _cBK
999 _c105220
_d105220